Normal view
MARC view
- PROJECT SUPERVISORS A/P KAMRAN AZIZ BHATTI DR. SHOAB AHMED KHAN DR. ALI HASSAN
Entry Personal Name
001 - CONTROL NUMBER
- control field: 71278
003 - CONTROL NUMBER IDENTIFIER
- control field: NUST
005 - DATE AND TIME OF LATEST TRANSACTION
- control field: 20210628204622.0
008 - FIXED-LENGTH DATA ELEMENTS
- fixed length control field: 210628|| aca||aabn | a|a d
040 ## - CATALOGING SOURCE
- Original cataloging agency: NUST
- Transcribing agency: NUST
100 ## - HEADING--PERSONAL NAME
- Personal name: PROJECT SUPERVISORS A/P KAMRAN AZIZ BHATTI DR. SHOAB AHMED KHAN DR. ALI HASSAN
670 ## - SOURCE DATA FOUND
- Source citation: Work cat.: (NUST): NC RABIA ALI NC MISHAL FATIMA NC FATIMA ANSIR NC SARA KARIM 71276, PR-SOF-1754-STROKE REHAB DEVICE USING EEG SIGNALS, 2018
